Meaning in language (0 19 870010 5)

Uloženo v:
Podrobná bibliografie
Hlavní autor: D. ALAN CRUSE
Médium: Kniha
Jazyk:Undetermined
Vydáno: Oxford 2000
Tagy: Přidat tag
Žádné tagy, Buďte první, kdo otaguje tento záznam!
Thư viện lưu trữ: Trung tâm Học liệu Trường Đại học Cần Thơ
LEADER 00499nam a2200169Ia 4500
001 CTU_49682
008 210402s9999 xx 000 0 und d
082 |a 401.43 
082 |b C975 
100 |a D. ALAN CRUSE 
245 0 |a Meaning in language (0 19 870010 5) 
245 0 |c D. ALAN CRUSE, ALAN CRUSE 
260 |b Oxford 
260 |c 2000 
526 |a Phân tích diễn ngôn trong giảng dạy ngôn ngữ 
526 |b SG287 
980 |a Trung tâm Học liệu Trường Đại học Cần Thơ